| 000 -LEADER |
| fixed length control field |
00646nam a22001217a 4500 |
| 040 ## - CATALOGING SOURCE |
| Transcribing agency |
RUA |
| 100 ## - MAIN ENTRY--AUTHOR NAME |
| Personal name |
PIN, CHANRATANA. |
| 245 ## - TITLE STATEMENT |
| Title |
the effectiveness of village animal health worker creating in senmonorom district, mondulkiri province (ប្រសិទ្ធភាពនៃការបង្កើតភ្នាក់ងារសុខភាពសត្វភូមិនៅស្រុកសែនមនោរម្យ ខេត្តរតនគីរី) |
| 260 ## - PUBLICATION, DISTRIBUTION, ETC. (IMPRINT) |
| Place of publication |
Phnom Penh |
| Name of publisher |
RUA |
| Year of publication |
2009 |
| 300 ## - PHYSICAL DESCRIPTION |
| Number of Pages |
x, 53p. |
| Other physical details |
ill. |
| Dimensions |
29 cm. |
| 856 ## - ELECTRONIC LOCATION AND ACCESS |
| Uniform Resource Identifier |
https://drive.google.com/file/d/1hRWjrGnZ_-NNN-3RS4J1l4EaZL1m3VlA/view?usp=sharing |
| 942 ## - ADDED ENTRY ELEMENTS (KOHA) |
| Koha item type |
AVM |
| 952 ## - LOCATION AND ITEM INFORMATION (KOHA) |
| Withdrawn status [LOCAL, KOHA] |
0 |
| 952 ## - LOCATION AND ITEM INFORMATION (KOHA) |
| Withdrawn status [LOCAL, KOHA] |
0 |
| 952 ## - LOCATION AND ITEM INFORMATION (KOHA) |
| Withdrawn status [LOCAL, KOHA] |
0 |